Somatic cells and milk of small ruminants : proceedings of the Symposium on Somatic Cells and Milk of Small Ruminants, Bella, Italy, 25-27 September 1993 /

Bibliographic Details
Corporate Author: Symposium on Somatic Cells and Milk of Small Ruminants Bella, Italy
Other Authors: Rubino, R. (Roberto)
Format: Conference Proceeding Book
Language:English
French
Language Notes:Papers in English and French.
Published: Wageningen : Wageningen Pers, 1996.
Series:EAAP publication. no. 77.
Subjects:

MARC

Tag First Indicator Second Indicator Subfields
LEADER 00000cam a2200000 a 4500
001 in00001306166
005 20151005052630.0
008 951218s1996 ne a b 100 0 eng d
020 |a 9074134327 
035 |a (OCoLC)35213237 
035 |9 AHB1544AM 
040 |a MNP  |c MNP  |d AGL  |d TXA  |d UtOrBLW 
041 0 |a eng  |a fre 
049 |a TXAM 
072 0 |a L832 
090 |a SF1  |b .E8 no.77 
111 2 |a Symposium on Somatic Cells and Milk of Small Ruminants  |d (1993 :  |c Bella, Italy) 
245 1 0 |a Somatic cells and milk of small ruminants :  |b proceedings of the Symposium on Somatic Cells and Milk of Small Ruminants, Bella, Italy, 25-27 September 1993 /  |c R. Rubino (editor) ; organized by ISZ [and others]. 
264 1 |a Wageningen :  |b Wageningen Pers,  |c 1996. 
300 |a 384 pages :  |b illustrations ;  |c 25 cm. 
336 |a text  |b txt  |2 rdacontent 
337 |a unmediated  |b n  |2 rdamedia 
338 |a volume  |b nc  |2 rdacarrier 
490 1 |a EAAP publication,  |x 0071-2477 ;  |v no. 77 
546 |a Papers in English and French. 
500 |a "Proceedings of an international symposium"--Cover. 
504 |a Includes bibliographical references. 
650 0 |a Somatic cells  |x Congresses. 
650 0 |a Mastitis  |x Diagnosis  |x Congresses. 
700 1 |a Rubino, R.  |q (Roberto) 
830 0 |a EAAP publication.  |x 0071-2477 ;  |v no. 77. 
999 |a MARS 
999 f f |s 71d4d3af-2ca7-3d4d-8556-e55190acf486  |i ebd1d3a3-8823-3680-8b03-7efdb10b94c8  |t 0 
952 f f |p ric  |a Texas A&M University  |b Rellis Campus  |c Joint Library Facility  |d Remote Storage  |t 0  |e SF1 .E8 no.77  |h Library of Congress classification  |i unmediated -- volume  |m A14820355163 
998 f f |a SF1 .E8 no.77  |t 0  |l Remote Storage